PARENTS AND TEACHERS AS PARTNERS / (Record no. 615643)

000 -LEADER
fixed length control field 00358nam a22001337a 4500
020 ## - INTERNATIONAL STANDARD BOOK NUMBER
Qualifying information PB.
040 ## - CATALOGING SOURCE
Transcribing agency FIZZA ISHAQ
082 ## - DEWEY DECIMAL CLASSIFICATION NUMBER
Classification number 370.193
Author Mark ROB
100 ## - MAIN ENTRY--PERSONAL NAME
Personal name ROCKWELL,E.ROBERT.
9 (RLIN) 132491
245 ## - TITLE STATEMENT
Title PARENTS AND TEACHERS AS PARTNERS /
Statement of responsibility, etc. ROBERT E.ROCKWELL.
260 ## - PUBLICATION, DISTRIBUTION, ETC.
Place of publication, distribution, etc. NEW YORK;
Name of publisher, distributor, etc. HARCOURT BRACE,
Date of publication, distribution, etc. 1996.
300 ## - PHYSICAL DESCRIPTION
Extent 315 P. ;
Dimensions 9.1X7.4IN
942 ## - ADDED ENTRY ELEMENTS (KOHA)
Source of classification or shelving scheme
Koha item type Book
Holdings
Withdrawn status Lost status Source of classification or shelving scheme Damaged status Not for loan Permanent Location Current Location Shelving location Date acquired Total Checkouts Full call number Barcode Date last seen Price effective from Koha item type
          NUST Baluchistan Campus (NBC) NUST Baluchistan Campus (NBC) General Stacks 12/19/2025   370.193 ROB QD-893 12/19/2025 12/19/2025 Book
© 2023 Central Library, National University of Sciences and Technology. All Rights Reserved.